[Event "chess.com SpeedChess Q1Sw"]
[Site "chess.com INT"]
[Date "2022.11.10"]
[Round "6"]
[White "Lewtak, Damian"]
[Black "Guzman Moneo, Alberto"]
[Result "1-0"]
[WhiteTitle "IM"]
[BlackTitle "CM"]
[WhiteElo "2385"]
[BlackElo "2146"]
[WhiteFideId "1141724"]
[BlackFideId "2209616"]
[EventDate "2022.11.10"]

1. e4 c5 2. Nf3 Nc6 3. Bb5 g6 4. O-O Bg7 5. Bxc6 dxc6 6. d3 Nf6 7. h3 Nd7 8. Re1
e5 9. Be3 b6 10. a3 a5 11. Nbd2 Nf8 12. b4 axb4 13. axb4 Rxa1 14. Qxa1 Ne6 15.
bxc5 b5 16. Nb3 O-O 17. Qa5 Qe7 18. Ra1 f5 19. Qb6 fxe4 20. dxe4 Nf4 21. Ra7 Qf6
22. Bxf4 Qxf4 23. Qxc6 Bxh3 24. Qc7 Rf7 25. Qxf7+ Qxf7 26. Rxf7 1-0

[Event "chess.com SpeedChess Q1Sw"]
[Site "chess.com INT"]
[Date "2022.11.10"]
[Round "6"]
[White "Gireman, Ja"]
[Black "Czernikowska, Laura"]
[Result "0-1"]
[WhiteTitle "CM"]
[BlackTitle "WCM"]
[WhiteElo "2185"]
[BlackElo "1559"]
[WhiteFideId "5043794"]
[BlackFideId "21805970"]
[EventDate "2022.11.10"]

1. e4 c5 2. Nf3 Nc6 3. d4 cxd4 4. Nxd4 g6 5. Be3 Bg7 6. Nc3 Nf6 7. h3 O-O 8. Be2
d6 9. Qd2 Bd7 10. O-O-O Qa5 11. Kb1 Rfc8 12. a3 Ne5 13. f4 Nc4 14. Bxc4 Rxc4 15.
Nb3 Qa6 16. e5 Ne8 17. Nd5 Kf8 18. exd6 Nxd6 19. Nc5 Qb5 20. Nb3 Rac8 21. Qe2
Rxc2 0-1

[Event "chess.com SpeedChess Q1Sw"]
[Site "chess.com INT"]
[Date "2022.11.10"]
[Round "6"]
[White "Ibarra Jerez, Jose Carlos"]
[Black "Kravtsiv, Martyn"]
[Result "0-1"]
[WhiteTitle "GM"]
[BlackTitle "GM"]
[WhiteElo "2557"]
[BlackElo "2598"]
[WhiteFideId "2226332"]
[BlackFideId "14113147"]
[EventDate "2022.11.10"]

1. e4 e5 2. Nf3 Nc6 3. d4 exd4 4. Nxd4 Nf6 5. Nxc6 bxc6 6. e5 Qe7 7. Qe2 Nd5 8.
Nd2 Qe6 9. Nf3 Bb7 10. Nd4 Qg6 11. h4 c5 12. h5 Qb6 13. Nf5 O-O-O 14. Rh3 Re8
15. c4 Nb4 16. Bf4 f6 17. O-O-O fxe5 18. Bg5 g6 19. Ne3 Nxa2+ 20. Kc2 Be4+ 21.
Kd2 Qb4# 0-1

[Event "chess.com SpeedChess Q1Sw"]
[Site "chess.com INT"]
[Date "2022.11.10"]
[Round "6"]
[White "Mitrabha, Guha"]
[Black "Suder, Jakub"]
[Result "1-0"]
[WhiteTitle "GM"]
[BlackTitle "FM"]
[WhiteElo "2474"]
[BlackElo "2244"]
[WhiteFideId "5057000"]
[BlackFideId "1195310"]
[EventDate "2022.11.10"]

1. b3 Nf6 2. Bb2 e6 3. Nf3 d5 4. c4 Be7 5. e3 O-O 6. Nc3 c5 7. cxd5 exd5 8. d4
Nc6 9. dxc5 Bxc5 10. Be2 a6 11. O-O Bg4 12. Rc1 Ba7 13. Na4 Qe7 14. Bxf6 Qxf6
15. Qxd5 Rfd8 16. Qe4 Bf5 17. Qf4 Bb8 18. Qh4 Qxh4 19. Nxh4 Be6 20. Nc5 Bc8 21.
Nxa6 bxa6 22. Rxc6 Be5 23. Nf3 Bf6 24. Rfc1 Bb7 25. Rc7 Be4 26. Bc4 Rf8 27. Nd4
Bg6 28. Nc6 Rfe8 29. a4 a5 30. Rd1 Rac8 31. Rxc8 Rxc8 32. Nxa5 Bc2 33. Rc1 Bf5
34. Nb7 1-0

[Event "chess.com SpeedChess Q1Sw"]
[Site "chess.com INT"]
[Date "2022.11.10"]
[Round "6"]
[White "Rostomyan, Mikayel"]
[Black "Stribuk, Artiom"]
[Result "0-1"]
[WhiteTitle "CM"]
[BlackTitle "FM"]
[WhiteElo "2219"]
[BlackElo "2312"]
[WhiteFideId "13313754"]
[BlackFideId "13515659"]
[EventDate "2022.11.10"]

1. d4 Nf6 2. c4 c5 3. Nf3 cxd4 4. Nxd4 g6 5. g3 Bg7 6. Bg2 h5 7. h4 Nc6 8. O-O
O-O 9. Nc3 Ng4 10. e3 d6 11. Nxc6 bxc6 12. Bxc6 Rb8 13. Bg2 Be6 14. Bd5 Bxd5 15.
Nxd5 e6 16. Nc3 Qc7 17. Qe2 Ne5 18. Rb1 Qxc4 19. Qxc4 Nxc4 20. b3 Bxc3 0-1

[Event "chess.com SpeedChess Q1Sw"]
[Site "chess.com INT"]
[Date "2022.11.10"]
[Round "6"]
[White "Tan, Zhongyi"]
[Black "Riehle, Marco"]
[Result "1-0"]
[WhiteTitle "GM"]
[BlackTitle "FM"]
[WhiteElo "2514"]
[BlackElo "2355"]
[WhiteFideId "8603642"]
[BlackFideId "12904392"]
[EventDate "2022.11.10"]

1. d4 d5 2. c4 e6 3. Nc3 c5 4. cxd5 cxd4 5. Qa4+ Bd7 6. Qxd4 exd5 7. Qxd5 Nf6 8.
Qd1 Nc6 9. Nf3 Bc5 10. e3 Qe7 11. Be2 O-O-O 12. O-O g5 13. a3 g4 14. Nd4 h5 15.
b4 Bb6 16. Na4 Bc7 17. Nb5 Be5 18. Bb2 g3 19. hxg3 h4 20. Bxe5 Qxe5 21. Qd6 Rde8
22. Rac1 Kd8 23. Nc5 Qxd6 24. Nxd6 Ref8 25. Ndxb7+ Ke7 26. Nxd7 Kxd7 27. Rfd1+
Ke7 28. Rxc6 hxg3 1-0

[Event "chess.com SpeedChess Q1Sw"]
[Site "chess.com INT"]
[Date "2022.11.10"]
[Round "6"]
[White "Rohith, Krishna S"]
[Black "Kazakov, Mikhail"]
[Result "1-0"]
[WhiteTitle "FM"]
[BlackTitle "GM"]
[WhiteElo "2380"]
[BlackElo "2513"]
[WhiteFideId "46617051"]
[BlackFideId "14102749"]
[EventDate "2022.11.10"]

1. e4 c5 2. Nf3 e6 3. d4 cxd4 4. Nxd4 a6 5. c4 d6 6. Be2 Nf6 7. Nc3 Be7 8. O-O
O-O 9. b3 Qc7 10. Bb2 b6 11. Kh1 Bb7 12. f3 Nbd7 13. Qe1 Rac8 14. Rd1 Rfe8 15.
Bd3 Bf8 16. Qh4 Ne5 17. Bb1 Ng6 18. Qh3 Qb8 19. f4 e5 20. fxe5 dxe5 21. Nf5 Nf4
22. Qg3 g6 23. Nd5 N6xd5 24. exd5 b5 25. Rxf4 exf4 26. Qc3 Re5 27. Qxe5 Qxe5 28.
Bxe5 gxf5 29. Bxf5 Re8 30. Bxf4 bxc4 31. bxc4 Re2 32. Bd7 Rxa2 33. Bc6 Bxc6 34.
dxc6 Rc2 35. c7 Rxc4 36. g3 1-0

[Event "chess.com SpeedChess Q1Sw"]
[Site "chess.com INT"]
[Date "2022.11.10"]
[Round "6"]
[White "Boros, Denes"]
[Black "Terry, Renato"]
[Result "0-1"]
[WhiteTitle "GM"]
[BlackTitle "IM"]
[WhiteElo "2402"]
[BlackElo "2516"]
[WhiteFideId "722340"]
[BlackFideId "3803457"]
[EventDate "2022.11.10"]

1. Nf3 Nf6 2. c4 b6 3. b3 Bb7 4. Bb2 c5 5. e3 g6 6. g3 Bg7 7. Bg2 O-O 8. O-O d5
9. Qe2 Nc6 10. Ne5 e6 11. Na3 Rc8 12. Rad1 Qe7 13. d3 Rfd8 14. h3 a6 15. Nxc6
Bxc6 16. Be5 b5 17. Nb1 Ne8 18. Bxg7 Kxg7 19. cxd5 Bxd5 20. Nc3 Bxg2 21. Kxg2
Nf6 22. Rd2 Rd6 23. Rc1 Rcd8 24. Nd1 Ne4 25. Rdc2 Rxd3 26. Qf3 f5 27. Qf4 e5 28.
Qf3 Rd2 29. Nc3 Nxf2 30. Nb1 Rxc2 31. Rxc2 Nd3 32. Qe2 e4 33. Nd2 Qe5 34. Nf1
Rd5 35. a3 Qd6 36. Kh2 Ne5 37. a4 Nf3+ 38. Kg2 Rd1 39. Rxc5 Rxf1 40. Qb2+ Kh6
41. Qg7+ Kxg7 0-1

[Event "chess.com SpeedChess Q1Sw"]
[Site "chess.com INT"]
[Date "2022.11.10"]
[Round "6"]
[White "Vantika, Agrawal"]
[Black "Sevian, Samuel"]
[Result "0-1"]
[WhiteTitle "WGM"]
[BlackTitle "GM"]
[WhiteElo "2362"]
[BlackElo "2687"]
[WhiteFideId "25050389"]
[BlackFideId "2040506"]
[EventDate "2022.11.10"]

1. d4 Nf6 2. c4 e6 3. Nf3 b6 4. g3 Ba6 5. b3 c6 6. Bg2 d5 7. O-O Nbd7 8. Nbd2
Rc8 9. Bb2 Be7 10. Re1 c5 11. cxd5 exd5 12. dxc5 Nxc5 13. b4 Ncd7 14. Nd4 Bxb4
15. e4 dxe4 16. Bxe4 O-O 17. Nc6 Rxc6 18. Bxc6 Nb8 19. Bxf6 Qxd2 20. Qxd2 Bxd2
21. Be7 Nxc6 22. Bxf8 Bxe1 23. Rxe1 Kxf8 24. Rc1 Bb5 25. f4 Ke7 26. Kf2 Kd6 27.
Ke3 Ne7 28. g4 Nd5+ 29. Ke4 Bc6 30. f5 a5 31. Kd4 h6 32. a3 b5 33. h4 Nb6 34. g5
hxg5 35. hxg5 a4 36. Re1 Nc4 37. Rd1 Nxa3 38. g6 fxg6 39. fxg6 Nc4 40. Kc3+ Kc5
41. Rf1 b4+ 42. Kc2 Be4+ 43. Kc1 b3 44. Rf2 b2+ 45. Rxb2 Nxb2 46. Kxb2 Bxg6 47.
Ka2 Kb4 48. Ka1 a3 49. Ka2 Bf5 50. Ka1 g5 51. Ka2 g4 52. Ka1 g3 53. Ka2 g2 54.
Ka1 g1=Q+ 55. Ka2 Qb1# 0-1

[Event "chess.com SpeedChess Q1Sw"]
[Site "chess.com INT"]
[Date "2022.11.10"]
[Round "6"]
[White "Bibilashvili, Lali"]
[Black "Ahn, Hongjin"]
[Result "0-1"]
[WhiteTitle "WCM"]
[BlackTitle "IM"]
[WhiteElo "1919"]
[BlackElo "2282"]
[WhiteFideId "13604236"]
[BlackFideId "13201492"]
[EventDate "2022.11.10"]

1. c4 g6 2. Nc3 Bg7 3. g3 Nf6 4. Bg2 O-O 5. e3 c5 6. Nge2 Nc6 7. O-O d6 8. d3
Qd7 9. f4 b6 10. h3 Bb7 11. g4 Na5 12. e4 e6 13. Ng3 Nc6 14. g5 Ne8 15. f5 Be5
16. Bf4 f6 17. Bxe5 dxe5 18. fxe6 Qxe6 19. h4 Nd4 20. Nd5 Rd8 21. Kh2 f5 22. Bh3
Ng7 23. h5 Bxd5 24. cxd5 Qe7 25. hxg6 hxg6 26. exf5 gxf5 27. Nh5 Rd6 28. Rg1 e4
29. dxe4 Qe5+ 30. Kh1 Qxe4+ 31. Bg2 Qh4+ 32. Bh3 Qxh3# 0-1

[Event "chess.com SpeedChess Q1Sw"]
[Site "chess.com INT"]
[Date "2022.11.10"]
[Round "6"]
[White "Petrosyan, Manuel"]
[Black "Naroditsky, Daniel"]
[Result "0-1"]
[WhiteTitle "GM"]
[BlackTitle "GM"]
[WhiteElo "2621"]
[BlackElo "2617"]
[WhiteFideId "13300857"]
[BlackFideId "2026961"]
[EventDate "2022.11.10"]

1. d4 Nf6 2. Nf3 g6 3. c4 Bg7 4. Nc3 O-O 5. g3 d6 6. Bg2 Nbd7 7. O-O e5 8. e4 c6
9. h3 Qa5 10. Re1 Re8 11. Qc2 exd4 12. Nxd4 Qc5 13. Be3 Qxc4 14. Bf1 Qb4 15.
Rad1 Qa5 16. Nb3 Qc7 17. Nb5 Qb8 18. Nxd6 Re6 19. Nxc8 Qxc8 20. Bc4 Rxe4 21. Bf4
Rxe1+ 22. Rxe1 b5 23. Bf1 Nd5 24. Bd6 a5 25. Bg2 N7b6 26. Nc5 Nc4 27. Bf4 Nxf4
28. gxf4 Bxb2 29. Re7 Ba3 0-1

[Event "chess.com SpeedChess Q1Sw"]
[Site "chess.com INT"]
[Date "2022.11.10"]
[Round "6"]
[White "Vokhidov, Shamsiddin"]
[Black "Svane, Rasmus"]
[Result "0-1"]
[WhiteTitle "GM"]
[BlackTitle "GM"]
[WhiteElo "2568"]
[BlackElo "2619"]
[WhiteFideId "14204223"]
[BlackFideId "4657101"]
[EventDate "2022.11.10"]

1. e4 c6 2. Nc3 d5 3. Nf3 dxe4 4. Nxe4 Nf6 5. Qe2 Nxe4 6. Qxe4 Qd5 7. Qf4 Qf5 8.
Qe3 Na6 9. Bxa6 bxa6 10. d3 e6 11. Bd2 Be7 12. Qe4 O-O 13. Qxc6 Rb8 14. O-O-O
Bb7 15. Qc7 Bf6 16. c3 Bxf3 17. gxf3 Qxd3 18. Rhe1 Rfc8 19. Qa5 Qxf3 20. Be3 h6
21. Qxa6 Bxc3 22. bxc3 Rxc3+ 23. Kd2 Rbc8 24. Rc1 Qd5+ 25. Ke2 Rc2+ 26. Rxc2
Rxc2+ 27. Kf1 Qh1# 0-1

[Event "chess.com SpeedChess Q1Sw"]
[Site "chess.com INT"]
[Date "2022.11.10"]
[Round "6"]
[White "Nguyen Hong Nhung"]
[Black "Samadov, Read"]
[Result "0-1"]
[WhiteTitle "WFM"]
[BlackTitle "FM"]
[WhiteElo "2003"]
[BlackElo "2450"]
[WhiteFideId "12412201"]
[BlackFideId "13417444"]
[EventDate "2022.11.10"]

1. e4 c6 2. d4 d5 3. Nc3 dxe4 4. Nxe4 Bf5 5. Ng3 Bg6 6. h4 h6 7. N1e2 e6 8. Nf4
Bh7 9. Bd3 Bxd3 10. Qxd3 Nf6 11. c3 Nbd7 12. Be3 Qb6 13. O-O-O O-O-O 14. Ne4
Nxe4 15. Qxe4 Nf6 16. Qf3 Qa6 17. Kb1 Bd6 18. Nd3 Qb5 19. g3 Qf5 20. Qxf5 exf5
21. Bf4 Bxf4 22. Nxf4 Ne4 23. Rhf1 g5 24. hxg5 hxg5 25. Nd3 Rh2 26. Kc2 Nxg3 27.
Rg1 Ne4 28. Rdf1 g4 29. Kd1 g3 30. f3 Rd2+ 31. Kc1 Rxd3 32. fxe4 fxe4 33. Rxf7
Re8 34. Rg7 Rf3 35. R7xg3 Rf2 36. Re3 Kc7 37. Rge1 Rh8 38. R1e2 Rxe2 39. Rxe2
Rh4 40. Kc2 b5 41. Kb3 Kd6 42. Kb4 Kd5 43. b3 Rh3 44. Rg2 a5+ 45. Ka3 Rxc3 46.
Kb2 Kxd4 47. Rg8 b4 48. Rd8+ Ke3 49. a3 c5 50. Ra8 Kd2 51. Rxa5 e3 52. Ra8 e2
53. Rd8+ Rd3 54. Re8 e1=Q 55. Rxe1 Kxe1 56. a4 Rd2+ 57. Kc1 Rd6 0-1

[Event "chess.com SpeedChess Q1Sw"]
[Site "chess.com INT"]
[Date "2022.11.10"]
[Round "6"]
[White "Mamedov, Rauf"]
[Black "Kamsky, Gata"]
[Result "1/2-1/2"]
[WhiteTitle "GM"]
[BlackTitle "GM"]
[WhiteElo "2646"]
[BlackElo "2666"]
[WhiteFideId "13401653"]
[BlackFideId "2000024"]
[EventDate "2022.11.10"]

1. e4 c6 2. Nf3 d5 3. e5 Bg4 4. Be2 e6 5. O-O Ne7 6. d4 Nd7 7. Nbd2 Nc8 8. h3
Bh5 9. c4 dxc4 10. Nxc4 Ndb6 11. Ne3 Nd5 12. Nc4 Ndb6 13. b3 Be7 14. Be3 O-O 15.
Nfd2 Bxe2 16. Qxe2 Nd5 17. Ne4 a5 18. a4 b5 19. Ncd2 bxa4 20. bxa4 Ncb6 21. Rfc1
Nb4 22. Nc4 Nxc4 23. Rxc4 Qd5 24. Nc3 Qd7 25. Rc1 Rfc8 26. Ne4 Nd5 27. Bd2 Nb6
28. Nc5 Bxc5 29. Rxc5 Qxd4 30. Rxc6 Rxc6 31. Rxc6 Nd5 32. Qc4 Qa1+ 33. Qc1 Qxc1+
34. Rxc1 Nb6 1/2-1/2

[Event "chess.com SpeedChess Q1Sw"]
[Site "chess.com INT"]
[Date "2022.11.10"]
[Round "6"]
[White "Jodorcovsky Werjivker, Paulo"]
[Black "Baskakov, Egor"]
[Result "0-1"]
[WhiteTitle "CM"]
[BlackTitle "CM"]
[WhiteElo "2220"]
[BlackElo "2215"]
[WhiteFideId "3700305"]
[BlackFideId "24197866"]
[EventDate "2022.11.10"]

1. e4 c5 2. Nc3 Nc6 3. Bb5 g6 4. Bxc6 dxc6 5. f4 Bg7 6. d3 e5 7. Nf3 exf4 8.
Bxf4 h6 9. O-O Ne7 10. Qd2 g5 11. Be3 b6 12. Rae1 Bg4 13. Qf2 O-O 14. h4 f5 15.
hxg5 f4 16. gxh6 fxe3 17. Qg3 Bxh6 18. Qxg4+ Kh8 19. Ne5 Rg8 20. Nf7+ Kh7 21.
Qh4 Qf8 22. Nxh6 Qxh6 23. Qxe7+ Rg7 24. Rf7 Rg8 25. Re2 Qh5 26. Qf6 Rxf7 27. Qe6
Rgf8 28. Re1 Rf2 29. Qe7+ R8f7 30. Qd6 Rxg2+ 31. Kxg2 Qf3+ 32. Kh2 Qf2+ 33. Kh3
Rf3+ 34. Kg4 Qg2+ 35. Kh5 Rh3# 0-1

[Event "chess.com SpeedChess Q1Sw"]
[Site "chess.com INT"]
[Date "2022.11.10"]
[Round "6"]
[White "Kovalev, Vladislav"]
[Black "Jeet, Jain"]
[Result "1/2-1/2"]
[WhiteTitle "GM"]
[BlackTitle "FM"]
[WhiteElo "2623"]
[BlackElo "2139"]
[WhiteFideId "13504398"]
[BlackFideId "5073022"]
[EventDate "2022.11.10"]

1. e4 e5 2. Nf3 Nc6 3. Nc3 Nf6 4. d4 exd4 5. Nxd4 Bb4 6. Nxc6 bxc6 7. Bd3 O-O 8.
O-O d5 9. exd5 cxd5 10. h3 c6 11. Qf3 Bd6 12. Rd1 h6 13. Na4 Rb8 14. c4 Be6 15.
b3 dxc4 16. Bxc4 Bxc4 17. bxc4 Qe7 18. Qxc6 Rfd8 19. Be3 Qe5 20. g3 Rbc8 21. Qb5
Qe6 22. Nc5 Qxh3 23. Nb7 Bxg3 24. Rxd8+ Rxd8 25. Nxd8 Bh2+ 26. Kh1 Bg3+ 27. Kg1
Bh2+ 28. Kh1 Be5+ 29. Kg1 Bh2+ 1/2-1/2

[Event "chess.com SpeedChess Q1Sw"]
[Site "chess.com INT"]
[Date "2022.11.10"]
[Round "6"]
[White "Predke, Alexandr"]
[Black "Gabrielian, Artur"]
[Result "0-1"]
[WhiteTitle "GM"]
[BlackTitle "GM"]
[WhiteElo "2684"]
[BlackElo "2460"]
[WhiteFideId "24107581"]
[BlackFideId "4131002"]
[EventDate "2022.11.10"]

1. Nf3 Nf6 2. c4 g6 3. Nc3 d5 4. cxd5 Nxd5 5. h4 Nc6 6. h5 Bg7 7. Qa4 Bf5 8. e4
Nb6 9. Qb5 Bg4 10. h6 Bd4 11. Nxd4 Qxd4 12. d3 a6 13. Qb3 Be6 14. Qd1 O-O-O 15.
Be3 Qe5 16. Rc1 Nc4 17. Qa4 Nxe3 18. fxe3 Qg3+ 19. Kd2 Ne5 20. Ne2 Rxd3+ 21. Kc2
Qxe3 22. Qb4 Nc6 23. Qe1 Qxe4 0-1

[Event "chess.com SpeedChess Q1Sw"]
[Site "chess.com INT"]
[Date "2022.11.10"]
[Round "6"]
[White "Ambartsumova, Karina"]
[Black "Pranav, Anand"]
[Result "0-1"]
[WhiteTitle "IM"]
[BlackTitle "IM"]
[WhiteElo "2399"]
[BlackElo "2502"]
[WhiteFideId "4166299"]
[BlackFideId "46626786"]
[EventDate "2022.11.10"]

1. c4 Nf6 2. Nf3 g6 3. d4 Bg7 4. g3 O-O 5. Bg2 c5 6. O-O cxd4 7. Nxd4 Nc6 8. Nc2
d6 9. Nc3 Bg4 10. b3 Qd7 11. Re1 Bh3 12. Bh1 Ng4 13. Bb2 Qf5 14. f4 Qxc2 15.
Qxc2 Bd4+ 16. e3 Nxe3 17. Qf2 Nc2 18. Nd5 Bxf2+ 19. Kxf2 Nxe1 20. Rxe1 e5 21. b4
f6 22. b5 Nd4 23. Bxd4 exd4 24. Ne7+ Kg7 25. Bxb7 Rad8 26. Bd5 d3 27. Rd1 Rde8
28. Nc6 Re2+ 29. Kg1 d2 30. Bf3 Re1+ 31. Kf2 Rxd1 32. Bxd1 Re8 33. a4 Re1 34.
Bf3 Rf1+ 35. Ke2 d1=Q+ 0-1

[Event "chess.com SpeedChess Q1Sw"]
[Site "chess.com INT"]
[Date "2022.11.10"]
[Round "6"]
[White "Szente Varga, Fruzsina"]
[Black "Deev, Andrei"]
[Result "1-0"]
[WhiteTitle "WFM"]
[BlackTitle "IM"]
[WhiteElo "2075"]
[BlackElo "2390"]
[WhiteFideId "712264"]
[BlackFideId "4102690"]
[EventDate "2022.11.10"]

1. e4 d6 2. d4 Nf6 3. Nc3 c6 4. Be3 b5 5. f3 b4 6. Nce2 e6 7. Qd2 d5 8. e5 Nfd7
9. Ng3 c5 10. Bb5 Qb6 11. Ba4 Qa5 12. b3 cxd4 13. Bxd4 Be7 14. a3 O-O 15. Bxd7
Nxd7 16. axb4 Qxb4 17. N1e2 a5 18. Ra4 Qb5 19. O-O Nc5 20. Bxc5 Bxc5+ 21. Kh1
Ba6 22. Rfa1 Qb6 23. Qxa5 Bb7 24. Qc3 Rxa4 25. Rxa4 1-0

[Event "chess.com SpeedChess Q1Sw"]
[Site "chess.com INT"]
[Date "2022.11.10"]
[Round "6"]
[White "Tarnowska, Aleksandra"]
[Black "Namitbir, Singh Walia"]
[Result "0-1"]
[WhiteTitle "WCM"]
[BlackTitle "FM"]
[WhiteElo "1835"]
[BlackElo "2339"]
[WhiteFideId "1180967"]
[BlackFideId "35071068"]
[EventDate "2022.11.10"]

1. e4 c5 2. Nf3 Nc6 3. Bb5 e5 4. O-O Bd6 5. d3 Nge7 6. c3 O-O 7. Nbd2 Bc7 8. Re1
a6 9. Ba4 b5 10. Bc2 d5 11. exd5 Nxd5 12. Ne4 Qe7 13. d4 cxd4 14. cxd4 Bg4 15.
dxe5 Bxf3 16. Qxf3 Nd4 17. Qd3 Nxc2 18. Qxc2 Qxe5 19. g3 Rac8 20. Bd2 Qf5 21.
Qd3 Rcd8 22. Qb3 Rfe8 23. Nc3 Bb6 24. Rf1 Nf6 0-1

[Event "chess.com SpeedChess Q1Sw"]
[Site "chess.com INT"]
[Date "2022.11.10"]
[Round "6"]
[White "Sjugirov, Sanan"]
[Black "Aditya, Mittal"]
[Result "1-0"]
[WhiteTitle "GM"]
[BlackTitle "IM"]
[WhiteElo "2712"]
[BlackElo "2486"]
[WhiteFideId "4189302"]
[BlackFideId "35042025"]
[EventDate "2022.11.10"]

1. d4 Nf6 2. Nf3 d5 3. Bf4 c5 4. e3 Nc6 5. Nbd2 Bg4 6. c3 e6 7. Qa4 Nd7 8. Bb5
Qc8 9. Ne5 Ncxe5 10. Bxe5 a6 11. Bxd7+ Qxd7 12. Qc2 Bf5 13. Qd1 f6 14. Bg3 Bd3
15. Nb3 c4 16. Nc1 Bg6 17. O-O h5 18. h3 b5 19. a3 Kf7 20. Ne2 h4 21. Bh2 Bd3
22. Re1 g5 23. f3 Bd6 24. Bxd6 Qxd6 25. Qd2 Rhg8 26. a4 b4 27. cxb4 Bxe2 28.
Qxe2 Qxb4 29. e4 Qb6 30. Rad1 Rgd8 31. f4 gxf4 32. Qh5+ Kg7 33. Qg4+ Kf7 34.
Qh5+ Kg7 35. Qxh4 dxe4 36. Rxe4 e5 37. Kh1 Qb3 38. Rde1 Qg3 39. Qxg3+ fxg3 40.
dxe5 f5 41. Rxc4 Rd2 42. Rc3 f4 43. Rf3 Rf8 44. e6 Rxb2 45. e7 Re8 46. Rxf4 Rxe7
47. Rxe7+ 1-0

[Event "chess.com SpeedChess Q1Sw"]
[Site "chess.com INT"]
[Date "2022.11.10"]
[Round "6"]
[White "Aaditya, Dhingra"]
[Black "Matinian, Nikita"]
[Result "1-0"]
[WhiteTitle "CM"]
[BlackTitle "GM"]
[WhiteElo "2172"]
[BlackElo "2425"]
[WhiteFideId "25678191"]
[BlackFideId "24129100"]
[EventDate "2022.11.10"]

1. d4 g6 2. Bf4 d5 3. Nc3 Bg7 4. Qd2 c6 5. e3 Nd7 6. h4 h5 7. Nf3 Ngf6 8. Be2 a5
9. a4 Ne4 10. Nxe4 dxe4 11. Ng5 Nf6 12. c4 Bg4 13. Bxg4 hxg4 14. Qc2 Qb6 15.
O-O-O Qb4 16. Be5 Kf8 17. Bxf6 exf6 18. Nxe4 f5 19. Nc5 b6 20. Rd3 bxc5 21. Rb3
cxd4 22. Rxb4 axb4 23. e4 fxe4 24. Qxe4 Rxa4 25. Kc2 Ra6 26. Qxg4 b3+ 27. Kd3
Ra8 28. Qd7 Kg8 29. g4 c5 30. h5 gxh5 31. gxh5 Rh6 32. Qd5 Ra2 33. Rg1 Rxb2 34.
Qg5 Rh7 35. Qd8# 1-0

[Event "chess.com SpeedChess Q1Sw"]
[Site "chess.com INT"]
[Date "2022.11.10"]
[Round "6"]
[White "Czerw, Dawid"]
[Black "De Silva, L M S T"]
[Result "0-1"]
[WhiteTitle "FM"]
[BlackTitle "IM"]
[WhiteElo "2373"]
[BlackElo "2521"]
[WhiteFideId "1145746"]
[BlackFideId "9953698"]
[EventDate "2022.11.10"]

1. d4 Nf6 2. c4 e6 3. g3 d5 4. Bg2 Be7 5. Nf3 O-O 6. Nc3 dxc4 7. Ne5 c5 8. dxc5
Bxc5 9. Qxd8 Rxd8 10. Nxc4 Nc6 11. Be3 Bxe3 12. Nxe3 Bd7 13. O-O Be8 14. Rfd1
Kf8 15. Nc4 Ke7 16. a4 a6 17. Nb6 Rxd1+ 18. Rxd1 Rd8 19. Rxd8 Kxd8 20. Kf1 Kc7
21. Nc4 Nb4 22. Ke1 Nfd5 23. Kd2 Nb6 24. Nxb6 Kxb6 25. b3 e5 26. Nd5+ Nxd5 27.
Bxd5 f6 28. Kc3 Bc6 29. Kc4 Bd7 30. f4 exf4 31. gxf4 Kc7 32. e4 b6 33. e5 fxe5
34. fxe5 Kd8 35. Kd4 Ke7 36. Bc4 a5 37. Kd5 g5 38. Ke4 Be6 39. Bd5 h5 40. Bc4 g4
41. Be2 Bxb3 42. Kf5 Bxa4 43. Kg5 Be8 44. Bd3 a4 45. Bc4 b5 46. Bxb5 Bxb5 0-1

[Event "chess.com SpeedChess Q1Sw"]
[Site "chess.com INT"]
[Date "2022.11.10"]
[Round "6"]
[White "Mamedyarov, Shakhriyar"]
[Black "Sadhwani, Raunak"]
[Result "1-0"]
[WhiteTitle "GM"]
[BlackTitle "GM"]
[WhiteElo "2741"]
[BlackElo "2628"]
[WhiteFideId "13401319"]
[BlackFideId "35093487"]
[EventDate "2022.11.10"]

1. d4 Nf6 2. c4 e6 3. Nc3 Bb4 4. Qc2 Nc6 5. Nf3 O-O 6. Bg5 h6 7. Bxf6 Qxf6 8. e3
d6 9. a3 Bxc3+ 10. Qxc3 a5 11. Be2 a4 12. O-O e5 13. Rfd1 Re8 14. c5 Bg4 15. h3
Bh5 16. dxe5 dxe5 17. Rd2 Na5 18. Rad1 Nb3 19. Rd7 Rac8 20. Bc4 e4 21. Qxf6 gxf6
22. g4 Nxc5 23. gxh5 Nxd7 24. Rxd7 exf3 25. Bxf7+ Kf8 26. Bxe8 Kxe8 27. Rh7 b5
28. Kh2 Rd8 29. Rxh6 Rd2 30. Kg3 Kf7 31. Rh7+ Kg8 32. Rxc7 Rxb2 33. Rb7 Rb3 34.
Kxf3 Rxa3 35. Rxb5 Ra1 36. Ra5 Kg7 37. Ke4 Kh6 38. Kf5 Kxh5 39. Kxf6+ Kh4 40. e4
Ra2 41. f4 Kxh3 42. e5 a3 1-0

[Event "chess.com SpeedChess Q1Sw"]
[Site "chess.com INT"]
[Date "2022.11.10"]
[Round "6"]
[White "Vasquez Schroeder, Rodrigo"]
[Black "Pranav, V"]
[Result "0-1"]
[WhiteTitle "GM"]
[BlackTitle "IM"]
[WhiteElo "2515"]
[BlackElo "2548"]
[WhiteFideId "3400042"]
[BlackFideId "25060783"]
[EventDate "2022.11.10"]

1. e4 e5 2. Nf3 Nc6 3. Bb5 a6 4. Ba4 d6 5. c3 Bd7 6. d4 g6 7. dxe5 dxe5 8. O-O
Bg7 9. Be3 Nf6 10. Nbd2 O-O 11. Bc5 Re8 12. Bb3 b6 13. Bxf7+ Kxf7 14. Ng5+ Kg8
15. Qb3+ Be6 16. Nxe6 Qxd2 17. Nxc7+ Kh8 18. Nxe8 Rxe8 19. Qxb6 Nb8 20. Rad1 Qc2
21. Rfe1 Nbd7 22. Qc6 Nxc5 23. Qxc5 Qxb2 24. Qc6 h5 25. Rd6 Rf8 26. f3 Ng4 27.
Qc5 Nf6 28. Rxa6 Rd8 29. Qf2 Rd2 30. Qg3 Kh7 31. Kh1 Qxc3 32. Ra7 Rc2 33. h4 Ng4
34. Rg1 Qe3 35. Qe1 Nf2+ 36. Kh2 Qxa7 37. Rf1 Qxa2 0-1